[Event "Reykjavik Open 2013"]
[Site "Reykjavik ISL"]
[Date "2013.02.20"]
[Round "3.65"]
[White "Frisk,E"]
[Black "Jablon,S"]
[Result "1-0"]
[WhiteElo "2197"]
[BlackElo "1896"]

1.Nf3 d5 2.c4 c6 3.e3 Bf5 4.Nc3 e6 5.d4 Nf6 6.Nh4 Bg4 7.Qb3 b6 8.h3 Bh5 9.g4 Ne4
10.Nxe4 Qxh4 11.Ng3 Bg6 12.cxd5 Bd6 13.e4 exd5 14.e5 Qe7 15.Bd2 f6 16.f4 O-O
17.O-O-O fxe5 18.dxe5 Bc7 19.Bd3 Bxd3 20.Qxd3 Nd7 21.Nf5 Qc5+ 22.Kb1 Qc4
23.Ne7+ Kh8 24.Qxc4 dxc4 25.Nxc6 Nc5 26.Rhf1 Nd3 27.Nb4 Rad8 28.Nxd3 Rxd3
29.Bb4 Rxf4 30.Rfe1 Kg8 31.Rxd3 cxd3 32.e6 Bd8 33.e7 Bxe7 34.Bxe7 Rf3 35.Rh1 Re3
36.Bb4 Re2 37.Bc3 Kf7 38.Kc1 Rc2+ 39.Kd1 g6 40.Rf1+ Ke6 41.Rf6+  1-0

[Event "Reykjavik Open 2013"]
[Site "Reykjavik ISL"]
[Date "2013.02.20"]
[Round "3.8"]
[White "Schreiner,Pe"]
[Black "Gajewski,G"]
[Result "0-1"]
[WhiteElo "2439"]
[BlackElo "2644"]

1.Nf3 d5 2.c4 d4 3.g3 Nc6 4.d3 e5 5.Bg2 Bb4+ 6.Nbd2 a5 7.O-O Nf6 8.a3 Be7
9.b3 O-O 10.Bb2 Bf5 11.Qc2 Nd7 12.Rad1 Nc5 13.Ne4 Ne6 14.e3 Bg4 15.h3 Bh5
16.Rde1 Qd7 17.Ned2 dxe3 18.Rxe3 f6 19.Ne4 Bxf3 20.Bxf3 Ned4 21.Qd1 Nxf3+
22.Qxf3 Qxh3 23.Nc5 Bxc5 24.Qd5+ Rf7 25.Qxc5 Ne7 26.d4 Nf5 27.Re4 Rd8 28.Rfe1 b6
29.Qc6 Rd6 30.Qa8+ Rf8 31.Qb7 c6 32.R4e2 Nh4 33.gxh4 Qg4+ 34.Kf1 Qh3+ 35.Kg1 f5
36.Re3 Rg6+ 37.Rg3 Rxg3+ 38.fxg3 Qxg3+ 39.Kf1 Qh3+ 40.Kg1 f4 41.Re2 f3 42.Rf2 Qg4+
43.Kf1 Qf5 44.Kg1 Qb1+ 45.Kh2 Qe1  0-1

[Event "ch-CHI Final 2013"]
[Site "Iquique CHI"]
[Date "2013.02.22"]
[Round "11.4"]
[White "Salinas Herrera,P"]
[Black "Abarca Gonzalez,N"]
[Result "1/2-1/2"]
[WhiteElo "2386"]
[BlackElo "2228"]

1.Nf3 d5 2.c4 c6 3.e3 Nf6 4.Nc3 g6 5.d4 Bg7 6.Be2 O-O 7.O-O Nbd7 8.Qb3 Qb6
9.Qc2 Re8 10.cxd5 Nxd5 11.e4 Nxc3 12.bxc3 c5 13.Be3 Qc7 14.Rac1 b6 15.Nd2 Bb7
16.f3 Rac8 17.Qb2 Qb8 18.Nb3 cxd4 19.cxd4 Rxc1 20.Rxc1 Rc8 21.Qa3 Rxc1+ 22.Nxc1 e5
23.d5 Bf8 24.Qc3 Bc5 25.Bxc5 Nxc5 26.Nd3 Nxd3 27.Bxd3 Qd6 28.g3 Kf8 29.Kf2 Ke7
30.Ke3 Kd8 31.Bb5 f6 32.a3 Ke7 33.Kd2 Kd8 34.Qe3 g5 35.Bf1 Bc8 36.Qc3 Bd7
37.Be2 Ke7 38.Qe3 Kd8 39.Kc2 Ke7  1/2-1/2

[Event "Reykjavik Open 2013"]
[Site "Reykjavik ISL"]
[Date "2013.02.22"]
[Round "5.97"]
[White "Storesund,Henrik"]
[Black "Thorhallsson,Simon"]
[Result "1-0"]
[WhiteElo "1759"]
[BlackElo "1451"]

1.Nf3 d5 2.c4 c6 3.g3 Nf6 4.Bg2 Bf5 5.O-O e6 6.b3 Bd6 7.Bb2 O-O 8.d3 Nbd7
9.Nbd2 h6 10.Qc2 Qc7 11.Rfc1 Bh7 12.a3 a5 13.Qc3 e5 14.b4 d4 15.Qb3 c5 16.bxc5 e4
17.Ne1 Rfe8 18.Rd1 e3 19.fxe3 Rxe3 20.Qxb7 Rb8 21.Qxc7 Bxc7  1-0

[Event "29th Open"]
[Site "Cappelle la Grande FRA"]
[Date "2013.02.23"]
[Round "1.102"]
[White "Allentin,E"]
[Black "Varoquier,R"]
[Result "0-1"]
[WhiteElo "1965"]
[BlackElo "2194"]

1.Nf3 d5 2.c4 e6 3.e3 Nf6 4.b3 Be7 5.Bb2 O-O 6.g3 b6 7.Bg2 Bb7 8.O-O c5 9.d3 Nc6
10.Nc3 a6 11.Qe2 Qc7 12.Rac1 Rad8 13.cxd5 Nxd5 14.d4 Nxc3 15.Bxc3 Qc8 16.Qb2 cxd4
17.Nxd4 Nxd4 18.Bxb7 Ba3 19.Qxa3 Ne2+ 20.Kg2 Qxb7+ 21.f3 Nxc1 22.Rxc1 Rc8
23.Qb4 Qd5 24.Qg4 Rxc3  0-1

[Event "29th Open"]
[Site "Cappelle la Grande FRA"]
[Date "2013.02.23"]
[Round "1.31"]
[White "Marholev,D"]
[Black "Ter Sahakyan,S"]
[Result "0-1"]
[WhiteElo "2333"]
[BlackElo "2563"]

1.Nf3 d5 2.c4 e6 3.g3 Nf6 4.Bg2 Be7 5.O-O O-O 6.b3 b6 7.Bb2 Bb7 8.e3 c5 9.Nc3 dxc4
10.bxc4 Nc6 11.Qe2 Rc8 12.Rfd1 Rc7 13.Ne1 Qa8 14.f4 Rd8 15.g4 Rcd7 16.g5 Ne8
17.h4 Nd6 18.h5 Nf5 19.h6 g6 20.Ne4 Ne5 21.Bxe5 Bxe4 22.d3 Bxg2 23.Nxg2 Qc6
24.a4 Bd6 25.Bf6 Be7 26.Bb2 Re8 27.Ne1 e5 28.Nf3 exf4 29.Ne5 Qe6 30.Nxd7 Qxd7
31.exf4 Bxg5 32.Qh2 Ne3 33.Re1 Qg4+ 34.Kh1 Qf3+ 35.Kg1 Bxf4 36.Qf2 Qg4+ 37.Kh1 Qh5+
38.Kg1 Qg5+ 39.Kh1 Qxh6+ 40.Kg1 Qg5+ 41.Kh1 Qh5+ 42.Kg1 Qg4+ 43.Kh1 Re6  0-1

[Event "33rd TCh-IND 2013"]
[Site "Hyderabad IND"]
[Date "2013.02.23"]
[Round "5.1"]
[White "Pradeep,KR"]
[Black "Sethuraman,S"]
[Result "0-1"]
[WhiteElo "2253"]
[BlackElo "2538"]

1.Nf3 d5 2.c4 d4 3.b4 f6 4.d3 e5 5.Qb3 Be6 6.e3 Na6 7.a3 c5 8.exd4 cxd4 9.Be2 Bd6
10.Qb2 b6 11.Bd1 Ne7 12.Ba4+ Kf7 13.Nbd2 Nf5 14.Bb3 Be7 15.O-O g5 16.Ne4 Nc7
17.Bxg5 fxg5 18.Nxe5+ Kg7 19.Nc6 Qd7 20.Nxe7 Qxe7 21.g4 Nh4 22.Qxd4+ Kg6
23.f3 Rhf8 24.Qe3 Rf4 25.d4 Raf8 26.Nd2 Qf6 27.Bc2+ Kg7 28.Be4 Bxg4 29.fxg4 Ne6
30.Bf5 Nxd4 31.Rae1 Ndxf5 32.gxf5 Rg4+ 33.Kh1 Qc6+ 34.Ne4 Re8 35.Qc3+ Kg8
36.b5 Qa8 37.f6 Kf7 38.c5 bxc5 39.Qc4+ Re6 40.Qxe6+ Kxe6 41.f7 Rxe4 42.f8=Q Rxe1+  0-1

[Event "29th Open"]
[Site "Cappelle la Grande FRA"]
[Date "2013.02.24"]
[Round "2.116"]
[White "Sgircea,S"]
[Black "Coulon,G"]
[Result "1-0"]
[WhiteElo "2263"]
[BlackElo "2002"]

1.Nf3 d5 2.c4 d4 3.e3 Nc6 4.exd4 Nxd4 5.Nxd4 Qxd4 6.Nc3 Nf6 7.Be2 e5 8.d3 Bc5
9.Be3 Qd6 10.O-O O-O 11.Qd2 c6 12.Rad1 Bf5 13.Bxc5 Qxc5 14.Qg5 Be6 15.d4 Qb4
16.dxe5 Nd7 17.f4 f6 18.exf6 Nxf6 19.Qg3 Qc5+ 20.Qf2 Qb4 21.Rd2 Rae8 22.h3 a5
23.a3 Qb3 24.Qc5 Rd8 25.Rfd1 Rxd2 26.Rxd2 Nd7 27.Qe7 Qb6+ 28.Kh1 Bf5 29.c5 Qb3
30.Rd4 Rf7 31.Qe8+ Rf8 32.Bc4+ Qxc4 33.Qxf8+ Kxf8 34.Rxc4 Be6 35.Re4 Nxc5
36.Re5  1-0

[Event "33rd TCh-IND 2013"]
[Site "Hyderabad IND"]
[Date "2013.02.25"]
[Round "8.2"]
[White "Sharma,Di"]
[Black "Saptarshi,R"]
[Result "1/2-1/2"]
[WhiteElo "2378"]
[BlackElo "2418"]

1.Nf3 d5 2.c4 e6 3.g3 dxc4 4.Qa4+ Nd7 5.Bg2 a6 6.Qxc4 b5 7.Qc2 Bb7 8.O-O Ngf6
9.d3 c5 10.a4 Be7 11.Nc3 Bc6 12.Nh4 Bxg2 13.Nxg2 b4 14.Nb1 O-O 15.Nd2 Ne5
16.Nb3 Rc8 17.Ne3 Nc6 18.Nc4 Nd4 19.Qd1 Nxb3 20.Qxb3 Qd5 21.e4 Qh5 22.f3 Nd7
23.Be3 Kh8 24.Kg2 f5 25.e5 g5 26.Rae1 f4 27.g4 Qg6 28.Bf2 Rcd8 29.Re4 h5
30.h3 Rf7 31.Rd1 Rh7 32.Na5 hxg4 33.hxg4 Qh6 34.Kf1 Nb6 35.Nc6 Rd5 36.Nxe7 Rxe7
37.d4 Qh3+ 38.Ke2 Red7 39.a5 cxd4 40.Rdxd4 Rxd4 41.Rxd4 Nd5 42.Qc2 Kg7 43.Qd3 Rc7
44.Rc4 Rd7 45.Rd4 Rc7 46.Rc4 Rd7 47.Rd4 Rc7  1/2-1/2

[Event "29th Open"]
[Site "Cappelle la Grande FRA"]
[Date "2013.02.26"]
[Round "5.52"]
[White "Monroy,C"]
[Black "Doluhanova,E"]
[Result "1-0"]
[WhiteElo "2443"]
[BlackElo "2266"]

1.Nf3 d5 2.c4 e6 3.g3 Nf6 4.Bg2 c6 5.Qc2 Be7 6.O-O O-O 7.d4 Nbd7 8.Rd1 b6
9.Nc3 Bb7 10.Bf4 Rc8 11.Rac1 Nh5 12.Ne5 Nxf4 13.gxf4 f6 14.Nxd7 Qxd7 15.Qa4 dxc4
16.Qxc4 f5 17.e3 h5 18.Bf3 h4 19.h3 Kh8 20.Qe2 Rf6 21.Kh1 Rg8 22.Rg1 Rh6
23.Rg2 Bf6 24.Rcg1 g6 25.a4 a5 26.Qd1 Rg7 27.Qb3 Bd8 28.Nb1 g5 29.Nd2 c5
30.dxc5 g4 31.Bxb7 Qxb7 32.Kh2 Rhg6 33.Qd1 bxc5 34.hxg4 h3 35.Rg3 fxg4 36.Rxg4 Rxg4
37.Rxg4 Qxb2 38.Rxg7 Kxg7 39.Kxh3 Be7 40.Kg3 Kf8 41.Nc4 Qb4 42.Ne5 Qb7 43.Qh5 Bf6
44.Ng4  1-0

[Event "Reykjavik Open 2013"]
[Site "Reykjavik ISL"]
[Date "2013.02.26"]
[Round "9.12"]
[White "Kuzubov,Y"]
[Black "Andersen,Mad"]
[Result "1-0"]
[WhiteElo "2622"]
[BlackElo "2462"]

1.Nf3 d5 2.c4 c6 3.e3 Nf6 4.b3 g6 5.Bb2 Bg7 6.Be2 O-O 7.O-O b6 8.Nc3 Bb7
9.Rc1 Nbd7 10.d4 Rc8 11.Rc2 Qc7 12.a4 Qb8 13.a5 e6 14.cxd5 Nxd5 15.Nxd5 cxd5
16.a6 Rxc2 17.Qxc2 Rc8 18.Qd2 Bc6 19.Rc1 Bf8 20.h3 Bd6 21.Rc2 b5 22.Ne5 Nxe5
23.dxe5 Be7 24.Bd4 Bd7 25.Qc1 Rxc2 26.Qxc2 Bd8 27.Qc5 Bb6 28.Qe7 Bc6 29.h4 h5
30.Bc5 Kg7 31.b4 Bxc5 32.Qxc5 Be8 33.f4 Kg8 34.Bd3 Kg7 35.Qe7 Bc6 36.Bxg6 Kxg6
37.Qf6+ Kh7 38.Qxf7+ Kh8 39.Qxh5+ Kg7 40.Qg5+ Kh7 41.Qe7+ Kh8 42.Qxe6 Qb6
43.Qh6+ Kg8 44.f5 Qxa6 45.Qg6+ Kh8 46.Qf6+ Kh7 47.e6 Qa3 48.Qg6+ Kh8 49.Qh6+ Kg8
50.Qg5+ Kh7 51.f6  1-0

[Event "29th Open"]
[Site "Cappelle la Grande FRA"]
[Date "2013.02.27"]
[Round "6.48"]
[White "Sgircea,S"]
[Black "Brynell,S"]
[Result "0-1"]
[WhiteElo "2263"]
[BlackElo "2485"]

1.Nf3 d5 2.c4 d4 3.e3 Nc6 4.exd4 Nxd4 5.Nxd4 Qxd4 6.Nc3 c6 7.d3 Nh6 8.Be3 Qd8
9.Qd2 Nf5 10.d4 g6 11.Be2 Bg7 12.Rd1 O-O 13.O-O Qa5 14.Bf3 Qb4 15.Qe2 Nxe3
16.fxe3 Bf5 17.e4 Be6 18.d5 cxd5 19.cxd5 Bd7 20.e5 Rac8 21.Kh1 Qc4 22.Qxc4 Rxc4
23.Rfe1 b5 24.a3 a5 25.Be2 Rc5 26.Ne4 Rc2 27.d6 exd6 28.Rxd6 Be6 29.Bd3 Rxb2
30.Nc5 Bc4 31.Nd7 Re8 32.Bxc4 bxc4 33.Rc6 Rc2 34.h3 h5 35.Rc5 c3 36.Nb6 Bh6
37.Nd5 Bd2 38.Rf1 Rd8 39.Kh2 g5 40.Nf6+ Kf8 41.Nxh5 Ke7 42.Rf6 Ra2 43.Rfc6 Rxa3
44.Ng3 Bf4 45.Rxc3 Rd3  0-1

[Event "29th Open"]
[Site "Cappelle la Grande FRA"]
[Date "2013.02.27"]
[Round "6.19"]
[White "Zubarev,Al1"]
[Black "Danielian,E"]
[Result "0-1"]
[WhiteElo "2591"]
[BlackElo "2466"]

1.Nf3 d5 2.c4 dxc4 3.e3 e6 4.Bxc4 a6 5.d4 Nf6 6.O-O c5 7.Nc3 b5 8.Be2 Bb7
9.dxc5 Bxc5 10.Qxd8+ Kxd8 11.Nd2 Nbd7 12.Nb3 Bb6 13.a4 b4 14.a5 Bc7 15.Na4 Bd5
16.Nbc5 Bd6 17.Nxd7 Nxd7 18.f3 Ke7 19.e4 Bb7 20.Be3 Rac8 21.Rfd1 Rc2 22.Bd3 Rc6
23.Bf1 Rc2 24.b3 h5 25.Rd4 Be5 26.Rxb4 Bxa1 27.Rxb7 Rb8 28.Bxa6 Rxb7 29.Bxb7 Re2
30.Bf2 Kd6 31.Ba6 Ra2 32.Bb5 Kc7 33.a6 Bf6 34.Be3 Ne5 35.a7 Kb7 36.Kf1 g5
37.h4 Ra1+ 38.Ke2 Ra2+ 39.Kd1 Ra1+ 40.Ke2 Ra2+ 41.Kf1 Ra1+ 42.Kf2 Ra2+ 43.Kg1 gxh4
44.Bb6 Bg5 45.Bd4 h3 46.Nc5+ Kxa7 47.Nd7+ Kb7 48.Nxe5 Rxg2+ 49.Kh1 Bf4 50.Bf1 Rh2+
51.Kg1 Rd2 52.Nd3 h2+ 53.Kh1 Bg3 54.Bf2 h4 55.Kg2 h1=Q+ 56.Kxh1 Bxf2 57.Ne5 Bd4
58.Nxf7 Rd1 59.Kg2 h3+ 60.Kxh3 Rxf1 61.Nd8+ Kc8 62.Nxe6 Rxf3+  0-1

[Event "Zagreb Open A 2013"]
[Site "Zagreb CRO"]
[Date "2013.02.27"]
[Round "3.11"]
[White "Kovacevic,Bl"]
[Black "Zecevic,Dea"]
[Result "1-0"]
[WhiteElo "2436"]
[BlackElo "2274"]

1.Nf3 d5 2.c4 c6 3.e3 Nf6 4.Nc3 e6 5.b3 Bd6 6.Bb2 a6 7.d4 Nbd7 8.Be2 b5 9.O-O O-O
10.Qc2 Bb7 11.c5 Bc7 12.b4 a5 13.a3 Bc8 14.Bd3 e5 15.dxe5 Nxe5 16.Nxe5 Bxe5
17.f4 Bc7 18.Rae1 axb4 19.axb4 h6 20.Ne2 Re8 21.Qc3 Bd7 22.Ng3 Qb8 23.Qc2 Bd8
24.Bd4 Ra3 25.h3 Be7 26.Ra1 Rxa1 27.Rxa1 Qd8 28.Ra7 Bc8 29.Nf5 Bf8 30.Qb2 Bxf5
31.Bxf5 Ne4 32.Ra6 Ng3 33.Bd3 Qc8 34.Qa1 h5 35.Rb6 Qd7 36.Qa6 Rc8 37.Rb7 Qe8
38.Ra7 g6 39.Kf2 h4 40.Qb7 Bg7 41.Bxg6 Kh8 42.Bxf7 Qe4 43.Qxc8+  1-0

[Event "29th Open"]
[Site "Cappelle la Grande FRA"]
[Date "2013.03.01"]
[Round "8.43"]
[White "Glud,J"]
[Black "Olsarova,T"]
[Result "1-0"]
[WhiteElo "2514"]
[BlackElo "2255"]

1.Nf3 d5 2.c4 c6 3.e3 Nf6 4.Nc3 e6 5.b3 Nbd7 6.Qc2 Be7 7.Bb2 O-O 8.Be2 b6
9.Rg1 Bb7 10.g4 c5 11.g5 Ne8 12.h4 Qc8 13.Bd3 g6 14.h5 dxc4 15.Be4 cxb3 16.axb3 Bxe4
17.Nxe4 Nd6 18.hxg6 fxg6 19.Qc3 e5 20.Nxe5  1-0

[Event "2nd Adriatico Open A"]
[Site "Montesilvano ITA"]
[Date "2013.03.01"]
[Round "1.8"]
[White "Ferretti,F"]
[Black "Rebeggiani,A"]
[Result "1/2-1/2"]
[WhiteElo "2269"]
[BlackElo "1932"]

1.Nf3 d5 2.c4 c6 3.e3 g6 4.Nc3 Bg7 5.d4 Nf6 6.Bd3 O-O 7.O-O Re8 8.Qc2 Na6
9.a3 Nc7 10.Bd2 Bg4 11.Ne5 Be6 12.c5 Nd7 13.f4 Nxe5 14.fxe5 f6 15.exf6 exf6
16.Ne2 Bf7 17.Rf3 Ne6 18.Raf1 f5 19.g4 Ng5 20.gxf5 Nxf3+ 21.Rxf3 gxf5 22.Bxf5 Bg6
23.Bxg6 hxg6 24.Qxg6 Qd7 25.Nf4 Rf8 26.Rg3 Rf7 27.Ne6 Re8 28.Ng5 Rf6 29.Qh7+ Kf8
30.Kg2 Re7 31.Qh5 Rh6 32.Nh7+ Rxh7 33.Qxh7 Rf7 34.Rf3 Qg4+ 35.Rg3 Qe2+ 36.Kh3 Qxd2
37.Qh4 Qa5 38.Rg6 Kg8 39.Rd6 Qd2 40.Rd8+ Rf8 41.Rxf8+ Kxf8 42.Qd8+ Kf7 43.Qd7+ Kg6
44.Qe6+ Bf6 45.Qg8+ Bg7 46.Qe6+ Bf6 47.Qg8+ Bg7  1/2-1/2

[Event "20th Bunratty Masters"]
[Site "Bunratty IRL"]
[Date "2013.03.02"]
[Round "3.11"]
[White "Menzies,Colin"]
[Black "Orr,M"]
[Result "1/2-1/2"]
[WhiteElo "2128"]
[BlackElo "2240"]

1.Nf3 d5 2.c4 c6 3.b3 Nf6 4.Bb2 Bg4 5.e3 e6 6.Be2 Be7 7.O-O O-O 8.d3 Nbd7
9.Nbd2 Re8 10.a3 a5 11.Re1 Bf8 12.d4 h6 13.h3 Bf5 14.Ne5 Nxe5 15.dxe5 Nd7
16.Nf3 Nc5 17.b4 axb4 18.axb4 Ne4 19.Rxa8 Qxa8 20.Qb3 dxc4 21.Bxc4 b5 22.Ra1 Qd8
23.Bf1 Nd2 24.Nxd2 Qxd2 25.Bc3 Qd5 26.Qb2 Qe4 27.Be2 Qc2 28.Qxc2 Bxc2 29.Rc1 Ba4
30.Be1 Rc8 31.Rb1 g5 32.Bc3 c5 33.bxc5 Bxc5 34.Bxb5 Bxb5 35.Rxb5 Bxe3 36.fxe3 Rxc3
37.Kf2 Kg7 38.Kf3 Kg6 39.g4 h5 40.Ra5 h4 41.Rb5 Rc2 42.Rb8 Kg7 43.Rb4 Rh2
44.Re4 Kg6 45.Ra4 Rxh3+ 46.Kf2 Rh2+ 47.Kf3 Rb2 48.Rc4 Kg7 49.Ra4 Kg6 50.Rc4 Rb5
51.Ke4 Rb2 52.Rc8 Rf2 53.Ra8 Kg7 54.Ra4 h3 55.Ra1 h2 56.Rh1 Kg6 57.Kd4 Rg2
58.Kd3 f5 59.exf6 Kxf6 60.e4 Ke5 61.Ke3 Ra2 62.Kf3 Ra3+ 63.Kg2 Kxe4 64.Re1+ Kf4
65.Rxe6 Ra2+ 66.Kh1  1/2-1/2

[Event "29th Open"]
[Site "Cappelle la Grande FRA"]
[Date "2013.03.02"]
[Round "9.38"]
[White "Arutinian,D"]
[Black "Marechal,A"]
[Result "1-0"]
[WhiteElo "2545"]
[BlackElo "2354"]

1.Nf3 d5 2.c4 c6 3.g3 Nf6 4.Bg2 Bg4 5.Ne5 Be6 6.cxd5 Bxd5 7.Nf3 c5 8.Nc3 Bc6
9.O-O Nbd7 10.Re1 e6 11.e4 Be7 12.d4 cxd4 13.Nxd4 O-O 14.e5 Nd5 15.Nxd5 Bxd5
16.Bxd5 exd5 17.Nf5 Bb4 18.Qg4  1-0

[Event "29th Open"]
[Site "Cappelle la Grande FRA"]
[Date "2013.03.02"]
[Round "9.16"]
[White "Monroy,C"]
[Black "Nabaty,T"]
[Result "0-1"]
[WhiteElo "2443"]
[BlackElo "2573"]

1.Nf3 d5 2.c4 dxc4 3.e3 Be6 4.Nc3 c6 5.Ng5 Bf5 6.e4 Bg6 7.Bxc4 e6 8.d4 Be7
9.Nh3 b5 10.Bd3 b4 11.Ne2 Nf6 12.f3 O-O 13.Be3 c5 14.Rc1 Qa5 15.dxc5 Nfd7
16.c6 Nc5 17.Nd4 b3+ 18.Kf2 bxa2 19.Nb3 Nxb3 20.Qxb3 Nxc6 21.Qb5 Qxb5 22.Bxb5 Nb4
23.Bd2 a5 24.Bc4 Rfc8 25.Ke2 a1=Q  0-1

[Event "2nd Adriatico Open A"]
[Site "Montesilvano ITA"]
[Date "2013.03.02"]
[Round "3.5"]
[White "Ferretti,F"]
[Black "Carnicelli,V"]
[Result "1-0"]
[WhiteElo "2269"]
[BlackElo "2060"]

1.Nf3 d5 2.c4 d4 3.b4 g6 4.Bb2 Bg7 5.d3 e5 6.g3 Ne7 7.Bg2 O-O 8.O-O c5 9.bxc5 Qc7
10.Nbd2 Nd7 11.Nb3 Nxc5 12.Nxc5 Qxc5 13.Qb3 Qc7 14.a4 Nc6 15.Ba3 Re8 16.Ng5 Bf8
17.Bd5 Nd8 18.Ne4 Kg7 19.f4 f5 20.Ng5 Bxa3 21.Qxa3 h6 22.Nh3 Nc6 23.Qb2 Be6
24.fxe5 Bxd5 25.cxd5 Nxe5 26.Qxd4 Kh7 27.Rac1 Qd6 28.Qc5 Rad8 29.Nf4 Qxc5+
30.Rxc5 Rd7 31.Rfc1 Ree7 32.Ne6  1-0

[Event "FIDE Women's World Teams"]
[Site "Astana KAZ"]
[Date "2013.03.03"]
[Round "1.1"]
[White "Ju Wenjun"]
[Black "Maisuradze,N"]
[Result "1-0"]
[WhiteElo "2505"]
[BlackElo "2330"]

1.Nf3 d5 2.c4 e6 3.g3 Nf6 4.Bg2 dxc4 5.Qa4+ Bd7 6.Qxc4 Bc6 7.O-O Nbd7 8.d3 Be7
9.e4 e5 10.h3 O-O 11.Be3 Bd6 12.Nc3 Nb6 13.Qb3 Re8 14.Rfe1 Nbd7 15.Qc2 b6
16.d4 Bb7 17.Rad1 Qc8 18.dxe5 Nxe5 19.Nd4 Bf8 20.f4 Nc4 21.Bf2 a6 22.Nf3 Nd7
23.e5 h6 24.Ne4 b5 25.Neg5 hxg5 26.Nxg5 g6 27.e6 Kg7 28.Bxb7 Qxb7 29.Rxd7  1-0

[Event "20th Bunratty Masters"]
[Site "Bunratty IRL"]
[Date "2013.03.03"]
[Round "5.14"]
[White "Menzies,Colin"]
[Black "Lyons,B"]
[Result "1-0"]
[WhiteElo "2128"]
[BlackElo "2007"]

1.Nf3 d5 2.c4 c6 3.b3 Bf5 4.Bb2 Nd7 5.e3 Ngf6 6.Be2 e6 7.O-O Bd6 8.Nc3 g5
9.cxd5 exd5 10.Nd4 Bg6 11.f4 h6 12.f5 Bh7 13.Bh5 Nxh5 14.Qxh5 Nf6 15.Qxh6 Ng4
16.Qh5 Nf6 17.Qe2 Bxh2+ 18.Kxh2 Bxf5+ 19.Kg1 Bg4 20.Qf2 Rh6 21.e4 Qc7 22.e5 O-O-O
23.Ndb5 Qe7 24.Qxa7 cxb5 25.Rxf6 Rxf6 26.Nxd5 Ra6 27.Qxa6 Qc5+ 28.d4 Qc2
29.Qa8+ Kd7 30.Qxb7+ Ke6 31.Rf1 Bf3 32.Nc7+  1-0

[Event "3rd Ferdynand Dziedzica Mem"]
[Site "Trzcianka POL"]
[Date "2013.03.03"]
[Round "7.1"]
[White "Olszewski,Mi"]
[Black "Tazbir,M"]
[Result "0-1"]
[WhiteElo "2533"]
[BlackElo "2555"]

1.Nf3 d5 2.c4 dxc4 3.e3 Nf6 4.Bxc4 g6 5.Qb3 e6 6.d4 Bg7 7.Nc3 O-O 8.Bd2 c5
9.dxc5 Qc7 10.Nb5 Qc6 11.Bb4 Rd8 12.O-O Na6 13.Rad1 Rxd1 14.Rxd1 Nxb4 15.Qxb4 Bf8
16.Rd8 Kg7 17.Ne5 Qxc5 18.Qc3 Be7 19.b4 Qxb4 20.Qxb4 Bxb4 21.Nc7 Ba5 22.Ne8+ Kf8
23.Nc7+ Ke7 24.Nxa8 Bxd8 25.f4 Nd7 26.Nd3 b6  0-1

[Event "Zagreb Open A 2013"]
[Site "Zagreb CRO"]
[Date "2013.03.04"]
[Round "9.13"]
[White "Loncar,R"]
[Black "Zecevic,Dea"]
[Result "1-0"]
[WhiteElo "2405"]
[BlackElo "2274"]

1.Nf3 d5 2.c4 e6 3.d4 c5 4.cxd5 exd5 5.Nc3 Nc6 6.dxc5 d4 7.Na4 Bxc5 8.Nxc5 Qa5+
9.Qd2 Qxc5 10.e3 Bg4 11.Nxd4 O-O-O 12.Be2 Nf6 13.Qc3 Qxc3+ 14.bxc3 Bxe2 15.Kxe2 Ne4
16.Bd2 Nc5 17.f3 Ne5 18.e4 Rhe8 19.Rad1 Nc4 20.Bf4 Na4 21.Nb5 b6 22.Nxa7+ Kb7
23.Nb5 f5 24.Rxd8 Rxd8 25.Rd1 Rxd1 26.Kxd1 fxe4 27.fxe4 Kc6 28.Nc7 Kb7 29.Kc2 g5
30.Bg3 Ne3+ 31.Kd3 Nxg2 32.Ne6 g4 33.Ng7 Kc6 34.Nh5 Nc5+ 35.Kd4 Ne6+ 36.Ke5 Nc5
37.Nf6 Kb5 38.Kf5 Ne3+ 39.Kf4 Nd1 40.Kxg4 Nxc3 41.Kf5 Nxa2 42.e5 Nb4 43.Nxh7 Nc6
44.Ng5 Kc4 45.e6 b5 46.Kf6  1-0

[Event "29th ChessOrg Open"]
[Site "Bad Woerishofen GER"]
[Date "2013.03.05"]
[Round "5.37"]
[White "Hornung,H"]
[Black "Harsch,Martin"]
[Result "1-0"]
[WhiteElo "2107"]
[BlackElo "2009"]

1.Nf3 d5 2.c4 c6 3.e3 Nf6 4.d4 a6 5.Bd3 b5 6.b3 Bg4 7.Nbd2 e6 8.O-O Be7 9.Qc2 Nbd7
10.Bb2 Bxf3 11.Nxf3 O-O 12.Ne5 Rc8 13.c5 h6 14.a4 Qc7 15.b4 Nxe5 16.dxe5 Ng4
17.Qc3 f6 18.axb5 axb5 19.f4 fxe5 20.Be2 Nf6 21.Qxe5 Qxe5 22.fxe5 Ne4 23.Bg4 Nd2  1-0

[Event "FIDE Women's World Teams"]
[Site "Astana KAZ"]
[Date "2013.03.06"]
[Round "4.3"]
[White "Zhukova,N"]
[Black "Cemhan,K"]
[Result "1/2-1/2"]
[WhiteElo "2471"]
[BlackElo "2025"]

1.Nf3 d5 2.c4 dxc4 3.e3 Nf6 4.Bxc4 a6 5.O-O e6 6.Qe2 c5 7.Rd1 Nc6 8.d4 Qc7
9.Nc3 Be7 10.dxc5 Bxc5 11.a3 b5 12.Bd3 Bb7 13.b4 Be7 14.Bb2 O-O 15.Rac1 Rac8
16.Ne4 Nxe4 17.Bxe4 Qb8 18.h4 f5 19.Bb1 Bf6 20.Ba2 Rce8 21.Rc5 Kh8 22.Ng5 Bxg5
23.hxg5 Re7 24.Rdc1 Qd6 25.Qh5 e5 26.Rd1 Qb8 27.g6 h6 28.f4 Rd8 29.Rxd8+ Qxd8
30.Qxf5 Qd1+ 31.Kh2 Re8 32.Qf7 Qh5+ 33.Kg1 Qd1+ 34.Kh2 Qh5+ 35.Kg3 exf4+
36.Kf2 Qh4+ 37.Kf1 Qh1+ 38.Kf2 Qh4+ 39.Kf1 Qh1+ 40.Kf2 Qh4+ 41.Kf1 Qh1+  1/2-1/2

[Event "FIDE Women's World Teams"]
[Site "Astana KAZ"]
[Date "2013.03.07"]
[Round "5.1"]
[White "Khotenashvili,B"]
[Black "Zatonskih,A"]
[Result "1-0"]
[WhiteElo "2499"]
[BlackElo "2474"]

1.Nf3 d5 2.c4 e6 3.g3 dxc4 4.Na3 c5 5.Bg2 Nc6 6.Nxc4 Nf6 7.O-O Be7 8.b3 O-O
9.Bb2 Nd5 10.a4 Bf6 11.d4 cxd4 12.Nxd4 Nxd4 13.Bxd4 Nc3 14.Bxf6 Qxf6 15.Qc2 Rb8
16.e4 b5 17.e5 Qd8 18.Qxc3 bxc4 19.bxc4 Bb7 20.Bxb7 Rxb7 21.c5 Rc7 22.c6 Qa8
23.Rac1 Rfc8 24.Rfd1 Rxc6 25.Qxc6 Rxc6 26.Rxc6 g5 27.Rc4 Kg7 28.h3 Qb8 29.Rd7 Qb1+
30.Kg2 a5 31.Rcc7 Qe4+ 32.Kh2 Qxe5 33.Rxf7+ Kg6 34.Rxh7 Qd4 35.Rcg7+ Kf6
36.Rf7+ Kg6 37.Rhg7+ Kh6 38.Rg8 e5 39.Rf6+ Kh7 40.Rxg5 e4 41.Rf4 Kh6 42.Rxa5 Qb2
43.Ra6+ Kg7 44.Re6  1-0

[Event "Jersey Masters 2013"]
[Site "St Clement Bay JCI"]
[Date "2013.03.07"]
[Round "2"]
[White "Hadi,Justin"]
[Black "Plug,A"]
[Result "1-0"]
[WhiteElo "2068"]
[BlackElo "1909"]

1.Nf3 d5 2.c4 d4 3.e3 dxe3 4.fxe3 Nf6 5.d4 g6 6.Bd3 Bg7 7.O-O Bg4 8.h3 Bxf3
9.Qxf3 c6 10.b3 O-O 11.Bb2 Qc7 12.Nd2 a5 13.a3 Nbd7 14.e4 e5 15.d5 Nc5 16.Rac1 Nxb3
17.Nxb3 Qb6+ 18.c5 Qxb3 19.Bxe5 Ne8 20.Rc3 Qa4 21.Bxg7 Nxg7 22.Bc2 Qd4+ 23.Qe3 Qe5
24.d6 a4 25.Rb1 b5 26.cxb6 Qxd6 27.Qc5 Qxc5+ 28.Rxc5 Ne6 29.Rxc6 Nd4 30.Rc4 Nxc2
31.Rxc2 Kg7 32.b7 Rab8 33.Rc4  1-0

[Event "Jersey Masters 2013"]
[Site "St Clement Bay JCI"]
[Date "2013.03.08"]
[Round "5"]
[White "Hadi,Justin"]
[Black "Lyell,M"]
[Result "0-1"]
[WhiteElo "2068"]
[BlackElo "2227"]

1.Nf3 d5 2.c4 d4 3.e3 Nc6 4.b4 Nxb4 5.Qa4+ Nc6 6.exd4 e6 7.Ba3 Bxa3 8.Nxa3 Nf6
9.Nc2 O-O 10.g3 e5 11.d5 e4 12.O-O-O Bg4 13.dxc6 Bxf3 14.cxb7 Rb8 15.Qxa7 Bxh1
16.Bh3 Bf3 17.Nb4 e3 18.Qxe3 Rxb7 19.Qxf3 Rxb4  0-1

[Event "FIDE Women's World Teams"]
[Site "Astana KAZ"]
[Date "2013.03.09"]
[Round "6.1"]
[White "Karavade,E"]
[Black "Zatonskih,A"]
[Result "1/2-1/2"]
[WhiteElo "2387"]
[BlackElo "2474"]

1.Nf3 d5 2.c4 e6 3.g3 dxc4 4.Qa4+ Nd7 5.Bg2 a6 6.Qxc4 b5 7.Qb3 Bb7 8.O-O Ngf6
9.d3 Be7 10.Nc3 O-O 11.a4 b4 12.Nd1 Bd5 13.Qc2 Nc5 14.Ne3 b3 15.Qd1 Bc6 16.d4 Nxa4
17.Qxb3 Nb6 18.Bd2 Bb5 19.Rfe1 Rb8 20.Ba5 Qd6 21.Rac1 Rfc8 22.Qa2 Qd8 23.b3 Qf8
24.Nc4 Nbd5 25.Nfe5 Bb4 26.Red1 Bxa5 27.Nxa5 c5 28.e4 Nb4 29.Qd2 cxd4 30.Rxc8 Rxc8
31.Qxd4 Na2 32.Nec4 Qb4 33.Qd2 Qxd2 34.Rxd2 Nc1 35.Bf1 Nxe4 36.Rc2 Nxb3 37.Nxb3 Ba4
38.Rb2 Rb8 39.Nd4 Rd8 40.Nb6 Be8 41.Nb3 Ng5 42.Na5 Rd1 43.Kg2 Ra1 44.Nbc4 Bb5
45.Bd3 f5 46.f3 g6 47.Nb3 Rd1 48.Be2 Rd8 49.Kf2 Nf7 50.f4 Kg7 51.Ke3 Kf6
52.Nd4 Bxc4 53.Bxc4 e5 54.fxe5+ Nxe5 55.Rb6+ Kg5 56.Ne6+ Kh6 57.Bxa6 Ng4+
58.Ke2 Rd5 59.h3 Nf6 60.Bd3 Re5+ 61.Kf2 Nd7 62.Rd6 Nc5 63.Nxc5 Rxc5 64.Kf3 Ra5
65.h4 Ra3 66.Rd7 Rb3 67.Kg2 Rb4 68.Rc7 Rb2+ 69.Kf3 Rb3 70.Rd7 Rb4 71.Be2 Ra4
72.Rc7 Ra8 73.Kf4 Re8 74.Bc4 Re4+ 75.Kf3 Re8 76.Rc6 Re7 77.Bd3 Kg7 78.h5 Rd7
79.Bc2 Rd4 80.hxg6 hxg6 81.Rb6 Rc4 82.Bb3 Rd4 83.Bc2 Rc4 84.Bd3 Rd4 85.Bb5 Rb4
86.Rb7+ Kh6 87.Bc6 Rd4 88.Be8 Rd3+ 89.Kf2 Rd6 90.Rc7 Kg5 91.Rc4 Re6 92.Bc6 Rd6
93.Bf3 Ra6 94.Rc3 Rb6 95.Rc4 Re6 96.Rc5 Rb6 97.Bd5 Ra6 98.Bc4 Ra3 99.Be2 Ra7
100.g4 Ra3 101.Rd5 Ra7 102.gxf5 gxf5 103.Bd3 Rf7 104.Kf3 Rf8 105.Ra5 Rf7
106.Ra8 Rf6 107.Ra1 Rd6 108.Rg1+ Kf6 109.Ke3 Rd8 110.Rf1 Rd5 111.Rh1 Kg5
112.Rg1+ Kf6 113.Rh1 Kg5 114.Rg1+ Kf6 115.Rh1  1/2-1/2

[Event "47th Begonia Open"]
[Site "Ballarat AUS"]
[Date "2013.03.09"]
[Round "3"]
[White "Davis,T2"]
[Black "Wallis,C"]
[Result "0-1"]
[WhiteElo "1936"]
[BlackElo "2261"]

1.Nf3 d5 2.c4 d4 3.b4 f6 4.e3 e5 5.c5 a5 6.Nxe5 fxe5 7.Qh5+ Ke7 8.Qxe5+ Be6
9.Bc4 Qd7 10.b5 c6 11.Ba3 Kf7 12.Bxe6+ Qxe6 13.Qxe6+ Kxe6 14.exd4 cxb5 15.Nc3 b4
16.Nb5 Kd7 17.Bb2 Nf6 18.a3 Kc6 19.a4 Kd7 20.O-O-O Nc6 21.Rde1 Nd5 22.Kc2 b6
23.Kb3 bxc5 24.dxc5 Bxc5 25.Kc4 Nb6+ 26.Kb3 Rhe8 27.d4 Rxe1 28.Rxe1 Bf8 29.Re4 Be7
30.d5 Nxd5 31.Bxg7 Rg8 32.Be5 Rxg2 33.Bg3 Rg1 34.Re2 Rb1+ 35.Ka2 Rd1 36.Rc2 Bf6
37.Kb3  0-1